000 00584cam a2200205 4500500
005 20260405003819.0
041 _afre
042 _adc
100 1 0 _aLarmagnac-Matheron, Octave
_eauthor
245 0 0 _a“J’avoue…”
260 _c2024.
500 _a72
690 _aAutre
690 _aAutrui
690 _aFaiblesse
690 _aReconnaissance
690 _aVérité
786 0 _nPhilosophie magazine | 176 | 1-2 | 2024-02-01 | p. 7-7 | 1951-1787
856 4 1 _uhttps://shs.cairn.info/magazine-philosophie-magazine-2024-2-page-7?lang=fr&redirect-ssocas=7080
999 _c2071061
_d2071061